000 01141nam0a22003251 4500
001 v19\rc\1902195
005 20260406063633.0
035 _a(NLR Aleph) 004992204
090 _a6298033
_c6298033
100 _a20251123 rusy50
101 0 _arus
102 _aRU
105 _ay z |||||
200 1 _aЯфетические элементы в языках Армении
_e1-11
_fН.Я. Марр
210 _aСанкт-Петербург
_cтип. Акад. наук
_d1911-1919
215 _a11 отт.
_d27
311 _aОтт. из журн. "Изв. Акад. наук". 1911-1919
488 0 _12001#$aИзвестия Академии наук$v1911-1919
_tИзвестия Академии наук
700 1 _8rus
_7ca
_aМарр
_bН.Я.
_f1865-1934
_gНиколай Яковлевич
_3RU\NLR\AUTH\7723108
_96162
801 0 _aRU
_bNLR
_gpsbo
801 0 _aRU
_bRuMoRGB
_2psbo
801 1 _aRU
_bProSoft-M
_2rusmarc
852 _aNLR
_jЯ20/Б-8/6(1-11)
899 _aБАН
899 _aНБ СПбГУ
899 _aГПИБ
899 _aНБ МГУ
_y(7, 10)
942 _cBOOK
980 _aNB